00502nam a2200145 450000500170000000800410001702000150005810001140007324500540018725000160024126000450025730000260030294200150032899900130034320260226105905.0260226b |||||||| |||| 00| 0 eng d a0865760152 aKistler B. Henry, Baker J. Neil, Anderson David, McNabb Bryan Beth Mary, Cooke Marshall Mary, Schafer Nathan. aVertebrates: A Laboratory Textc/Henry B. Kistler a2nd Edition aCalifornia;bWilliam Kaufmann,inc;c1981 av;259p; ill.c27.7cm. 2lccn0cBK c174d174